Регионална библиотека "Любен Каравелов" - Русе

Streichquartett (1960) | Fünf Sätze Für Streichquartett (1961) | Streichquartett Nr. 4 (1971) (Запис номер 518973)

MARC детайли
000 -Лидер
Лидер 01721njm a2200313 a 4500
003 - Код на организацията, давaща контролен номер
Код на организацията, даваща контролен номер BLK
005 - Дата и час на последна редакция
Дата и час на последна редакция 20241009134719.0
007 - Фиксирано поле за физическо описани
Физическо описание sd asmalaaahaa
008 - Елементи от данни с фиксирана дължина
Елементи с фиксирана дължина 221104b bu |||||s|||| 00| | bu d
028 ## - PUBLISHER NUMBER
Издателски номер 885033
040 ## - Източник на каталожния запис
Код на библиотеката BLK
041 ## - Код за език
Език на записа Немски
Език за КДБФ Немски
080 ## - УДК
УДК текст Квартет от струнни инструменти
УДК код 785.74:787.1/.4
УДК – определител (086.72)
УДК – код + определител 785.74:787.1/.4(086.72)
100 ## - Редна дума - Автор
R(LIN) 412709
Автор Wohlgemuth, Gerhard
245 ## - Сведения за заглавието
Заглавие Streichquartett (1960)
Авторска отговорност Gerhard Wohlgemuth
245 ## - Сведения за заглавието
Заглавие Fünf Sätze Für Streichquartett (1961)
Авторска отговорност Günter Kochan
245 ## - Сведения за заглавието
Заглавие Streichquartett Nr. 4 (1971)
Авторска отговорност Ruth Zechlin
260 ## - Област на издателските данни
9 (RLIN) 215027
Място на издаване Berlin
Име на издателя Deutsche Schallplatten
Година на издаване 1973
300 ## - Физическа характеристика
Брой страници 1 грамофонна плоча
Илюстрации 33 об/мин, стерео
Размер 30 cm
380 ## - Жанр
Жанр Изкуство
490 ## - СЕРИИ (Колекции)
Серия NOVA
9 (RLIN) 494230
500 ## - Общи забележки
Обща забележка (01) Gerhard Wohlgemuth - Streichquartett (1960)<br/>-----<br/>(02) Günter Kochan - Fünf Sätze Für Streichquartett (1961)<br/>-----<br/>(03) Ruth Zechlin - Streichquartett Nr.4 (1971)<br/>(03a) 1. Satz<br/>(03b) 2. Satz - Reflexion I<br/>(03c) 3. Satz<br/>(03d) 4. Satz - Reflexion II<br/>(03e) 5. Satz
511 ## - Забележка за участници или изпълнители
Забележка за участници Erben-Quartett:<br/>Friedrich-Carl Erben, ViolineI<br/>Ralf-Rainer Haase, Violine II<br/>Arnim Orlamünde, Viola<br/>Wolfgang Bernhardt, Violoncello<br/>-----<br/>Brahms-Streichquartett:<br/>Heinz Schunk, Violine I<br/>Horst Pietsch, Violine II<br/>Manfred Schumann, Viola<br/>Peter Zimmermann, Violoncello<br/>------<br/>Suske-Quartett:<br/>Karl Suske, Violine I<br/>Klaus Peters, Violine II<br/>Karl-Heinz Dommus, Viola<br/>Matthias Pfaender, Violoncello
653 ## - Ключова дума – ненормативна
9 (RLIN) 197644
Ключови думи струнни квартети
852 ## - Местоположение
Сигнатура (форматна) Ф ІІ 2369
Отдел Хранилище
856 ## - Електронен адрес и достъп
Инструкция (цена за достъп) 0.00
Права за достъп disable
942 ## - АРТИКУЛИ
Вид на библиотечния документ Грамофонни плочи
Скрит в OPAC Не
944 ## - СЪЗДАВАНЕ И РЕДАКЦИЯ на ЗАПИСА
Дата на регистрацията/редакция Кети Илиева
Служител, извършил регистрацията/редакцията 30550
Създаване/Редакция
Статус, дата на статуса Кети Илиева
999 ## - СИСТЕМНИ КОНТРОЛНИ НОМЕРА
Koha biblionumber 518973
Koha biblioitemnumber 518973
Наличности
Код за отписване Код за изгубен артикул Източник на класификационната схема Код за повреда Коз за рестрикции Код за отдаване Артикулен № Име на библиотеката - собственик Име на библиотеката, в която се намира в момента Статус (Текущо местоположение) Дата на вписване в системата Местоположение - отдел Цена в лева Инвентарен номер Систематично азбучна сигнатура Баркод Цена в евро Служебен тип на артикула
  Не е изгубен Universal Decimal Classification Не е повреден само за читалня ползва се в читалня 951292 Регионална библиотека "Любен Каравелов" Русе Регионална библиотека "Любен Каравелов" Русе Хранилище 2024-10-09 Основен фонд - ползва се само за читалня 6.00 6370 Ф ІІ 2369 900000108283 3.07 Грамофонни плочи
Vip Innovations Ltd, Rousse, Bulgaria 2025